00430nam a2200157Ia 4500008004100000020001500041082001700056100002000073245003000093250000700123260004000130300002400170500000700194600002100201650005000222240925s9999 xx 000 0 und d a8176566926 a005.2762 SYB aBPB Publication 0aJava 2, J2SE 1.4 complete aNA aNew Delhi:bBPB Publicationc,2003. a792p.bNAfOriginal aNA aComputer Science aComputer science, information & general works